| 000 | 00402nam a22001577a 4500 | ||
|---|---|---|---|
| 003 | MACL | ||
| 005 | 20160114125332.0 | ||
| 008 | 150621b xxu||||| |||| 00| 0 eng d | ||
| 040 | _cMACL | ||
| 082 | _a355 | ||
| 100 |
_aPratiyogita Darpan _9167 |
||
| 245 |
_aNDA Exam. _bPrevious Years' Solved Paper |
||
| 260 |
_aAgra _bUpkar Prakashan _c2014 |
||
| 650 |
_aMilitery Science _9301 |
||
| 942 |
_2ddc _cBK _k355 |
||
| 999 |
_c49903 _d49903 |
||